Statistics for ONEPIECE Characters

Click here to take the quiz!

General Stats

  • This quiz has been taken 39 times
  • The average score is 43 of 175

Answer Stats

HintAnswer% Correct
chimpMonkey D. Luffy
97%
CaptainMonkey D. Luffy
97%
SwordsmanRoronoa Zoro"Pirate Hunter"
97%
vice captainRoronoa Zoro
97%
NavigatorNami"Cat Burglar"
90%
CookSanji"Black Leg"
90%
Musician / SwordsmanBrook"Humming"
87%
Cyborg / ShipwrightFranky"Cutty Flam"
87%
ArchaeologistNico Robin"Devil Child"
87%
Doctor / "raccon"Tony Tony ChopperNoooo Reindeer
87%
Sniper / LiarUssopp"Sogeking"
87%
CaptainTrafalgar D. Water Law
84%
CorazonTrafalgar D. Water Law
84%
corazonTrafalgar D. Water Law
77%
magnetEustass Kid
71%
CaptainEustass Kid
71%
2th Fire FistPortgaz D. Ace
65%
red hairShanks
65%
CaptainShanksRed Hair
65%
whattt 2 devil fruitMarshall D. Teach
61%
PandaBepoPOEB
55%
Buggy
55%
Uhhhh ClownBuggy
55%
1th PhoenixMarco
55%
vice captainKillerLLIREK
52%
Vice captainKiller
52%
multi weaponsBaby 5BBYA 5
48%
PacifistaBartholomew Kuma
48%
Pawn handsBartholomew KumaUMAK
48%
big mustacheGol D. Roger
48%
CaptainMarshall D. Teach
48%
toysSugarGUARS
48%
Garp the FistMonkey D. Garp
45%
ArmyTrébolBOLTRE
45%
Zombie apocalypseGecko MoriahGOCEK MHARIO
42%
BlackbeardMarshall D. Teach
42%
kiss SanjiVioletTIOVEL
42%
father of 'Sogeking'YasoppSOAPPY
42%
WhitebeardEdward Newgate
39%
CaptainEdward Newgate
39%
ArmyPicaIACP
39%
scarecrow / ''Magician''Basil HawkinsSILBA HINSAWK
35%
GLao GOLA G
35%
HyenaBellamyBALLMEY
32%
rotateBuffaloFUFABLO
32%
mafia onCapone BegePONECA GBEE
32%
ArmyDiamanteMANTEDAI
32%
Master Of KarateJimbei
32%
father ofMonkey D. Dragon
32%
music / On Air PiratesScratchmen ApooMENSCHCRAT OPOA
32%
pacifierSenor PinkSONER INKP
32%
the Golden LionShikiKHiSI
32%
t rex / DiezX DrakeX KEDRA
32%
vice captainBen BeckmanNEB BACKNEM
29%
Before timeskipCavendishDISHENCAV
29%
'of the Beasts'KaidoDOIKA
29%
Zoro cut in twoMonetNETOM
29%
brother ofSabo
29%
after timeskipBartolomeoROMEOBOALT
26%
half fishDellingerGERLLINDE
26%
"Death God"Doc QDCO Q
26%
HeatTEAH
26%
artJoraJARO
26%
Swordmen / hybrid (giraffe/human)KakuKUKa
26%
Fishman KarateKoalaLOAKA
26%
weightMachviseMCHVISAE
26%
angelUrougeROUGE
26%
in missionVergoGERVO
26%
gasCaesar ClownCAASER WOLCN
23%
Big MomCharlotte LinlinROTTLCHAE LINLIN
23%
The Great SwordmanDracule Mihawk
23%
booooommmGladiusSUIDGLA
23%
wrestler ''champion''Jesus BurgessJSSEU GUESSBR
23%
PenguinGIUMPEN
23%
''of the rain''Shiliew/ ShiryuLEWSHII
23%
whitechaserSmoker
23%
WireREIW
23%
HipnoseJangoNJOGA
19%
Jean BartJNAE TARB
19%
big eaterJewelry BonneyRELEJWY BENNOY
19%
AokijiKuzanZUKAN
19%
his pet pigeon HattoriRob LucciBOR CLICU
19%
KizaruBorsalinoBOORLINSA
16%
brother of the belowCaribouBOUCARI
16%
crewmate of AlvidaCobyCYBO
16%
brother of the aboveCoribouBOUCORi
16%
CaptainDonquixote Flamingo
16%
MingoDonquixote Flamingo
16%
Queen/King of OkamaEmporio IvankovKIOVVAN
16%
captain ”GOD”Enel
16%
wolf / Fu Manchu mustacheJabraBRAAJ
16%
big eaterLucky RouxKYCUL RUOx
16%
chief WardenMagellan
16%
I am cucumberPeronaPARENO
16%
Great BrainVegapunkPEGAVUNK
16%
after devil fruit became beautifulAlvidaAVIDAL
13%
CaptainGekko Moriah
13%
ViceHannyabalYABALHANN
13%
son of MorganHelmeppoMELPPOHE
13%
KongGONK
13%
'the Buddha'SengokuKUGOSEN
13%
elephant devil fruit swordSpandamDAMPANS
13%
"Corrupt King"Avalo PizarroAVOLA ZOPARRI
10%
hairstyle resemble the horns of a bullBluenoBLOUNE
10%
"Crescent Moon Hunter"Catarina DevonCAAATRNI NDOVE
10%
"Hundredth Dan"HackCAHK
10%
Scisor & Red WineInazumaIZUMANA
10%
FujitoraIsshoSSHOI
10%
Want to give a bubble bath to NamiKalifaKAFALI
10%
MohjiJHIMO
10%
NeroRONE
10%
Axe guySentomaruTOMASENRU
10%
sniperVan AugurNAV ARGUU
10%
"Heavy Drinker''Vasco ShotCASVO HOTS
10%
'stole' the devil fruit of Sanji dreamsAbsalomABSOLAM
6%
FukuroKUFURO
6%
world-renowned surgeonHogbackBACKGHO
6%
of foxfireKin'emon
6%
KumadoriKOMADURI
6%
navigator / ex policemanLafitteFTTLAIE
6%
little pevertMomonosukeMMNSKOOOUE
6%
lion of aboveRichieCHIERI
6%
give Zoro is swordRyumaRAYUM
6%
AkainuSakazukiKAKISAZU
6%
ShachiSAICHH
6%
is the horse of the aboveStrongerSGERTRON
6%
TsuruRUTSU
6%
5th "Flower Sword"VistaTISVA
6%
leader 50 enforcerYamMAY
6%
BastilleBESTIALL
3%
Big BoooobsBoa Hankok
3%
CabajiJACABI
3%
3th DiamondJosu
3%
no michaelangelo hereKanjuroKONJARU
3%
priestOhmMHO
3%
"Colossal Battleship"Sanjuan WolfJANSUAN FWLO
3%
4th kill by member of the crewTach
3%
Triller ParkTriller Park
3%
Admiral actual & formerAdmiral actual & former
0%
Antogonist of the aboveAntogonist of the above
0%
Blackbeard PiratesBlackbeard Pirates
0%
6th division commanderBlamencoMENBLACO
0%
9th division commanderBlenheimHEIMBLEN
0%
Buggy Bands of PiratesBuggy Bands of Pirates
0%
Cipher Pol 9Cipher Pol 9
0%
Desert sandCroodile
0%
10th division commanderCurielRIELCU
0%
Donquixote FamilyDonquixote Pirates
0%
priestGedatsuATSUGED
0%
God ArmyGod Army
0%
Heart PiratesHeart Pirates
0%
Hero of the MarinesHero of the Marines
0%
Impel DownImpel Down
0%
Kids PiratesKids Pirates
0%
MarinesMarines
0%
8th division commanderNamurMURNA
0%
Pirate KingPirate King
0%
7th division commanderRakuyoKUYORA
0%
Revolution ArmyRevolution Army
0%
not official> dragonRyokugyuGYUKURYO
0%
chief guardSadieSEDIA
0%
chief guardSaldearhDEARHSAl
0%
priestSatoriSITARO
0%
Shanks PiratesShanks Pirates
0%
ShichibukaiShichibukai
0%
priestShuraSHARU
0%
"Maelstrom Spider" / JudasSquardSARDQU
0%
Strawhats PiratesStrawhats Pirates
0%
SupernovasSupernovas
0%
Super RookiesSuper Rookies
0%
Vice AdmiralVice Admiral
0%
Wano CountryWano Country
0%
Whitebeard PiratesWhitebeard Pirates
0%
YonkoYonko
0%
'Black Arm'Zephyr
0%

Score Distribution

Percentile by Number Answered

Percent of People with Each Score

Your Score History

You have not taken this quiz